000 00485nam a2200181Ia 4500
005 20250508151229.0
008 008 250505s9999 xx 000 0 eng d
037 _aTextual
040 _aFEDL
_beng
_cFEDL
041 _aeng
_2eng
084 _a370.954, NEW
_qFEDL
245 0 _aProceedings of the educational conference held at new Delhi
260 _c1948
300 _a27p.
650 _aEducation
942 _cTEXL
_h370.954, NEW
999 _c1328402
_d1328402